| 000 | 00620nam a22001937a 4500 | ||
|---|---|---|---|
| 005 | 20100814120832.0 | ||
| 010 | _aENG-100228 | ||
| 020 |
_a9789380370149 _c55.00 |
||
| 035 | _aEN-83760 | ||
| 037 | _bDBAD/PUB | ||
| 082 | _a401 | ||
| 100 |
_aGeetha, R. _91576 |
||
| 245 |
_aSocial views of E.E.Cummings / _cby R.Geetha |
||
| 260 |
_aErode _bPallavi Publications _c2009 |
||
| 270 |
_a194, Kanna Complex, Mettur Road, _bErode _e11 |
||
| 300 |
_a70p. _c21cm (pbk) |
||
| 942 |
_2ddc _cEN _h401 _mGEE |
||
| 999 |
_c41848 _d41848 |
||